[Event "V Weekend A Dicembrino"]
[Site "Vimercate ITA"]
[Date "2011.11.25"]
[Round "1"]
[White "Attuati, Luca"]
[Black "Tahiraj, Almir"]
[WhiteElo "1427"]
[BlackElo "1799"]
[Result "0-1"]
[PlyCount "72"]
[EventDate "2011.11.25"]

1. e4 c6 2. Bc4 d5 3. exd5 cxd5 4. Bb3 Nf6 5. d4 Nc6 6. c3 Bf5 7. Ne2 e6 8. Bf4
Bd6 9. Bxd6 Qxd6 10. Ng3 Bg6 11. f3 a6 12. a4 Na5 13. Bc2 Nc4 14. Qc1 a5 15. b3
Nb6 16. Na3 Rc8 17. Nb5 Qb8 18. O-O O-O 19. Re1 Rc6 20. Qd2 Na8 21. Bd3 Rfc8
22. Rac1 Nc7 23. Bf1 Nfe8 24. Qf4 Qa8 25. c4 b6 26. c5 bxc5 27. Rxc5 Rxc5 28.
Nd6 Nxd6 29. dxc5 Nde8 30. Rc1 Qb7 31. Qe3 Rb8 32. Rb1 Bxb1 33. Qe5 Bg6 34. Bb5
Nxb5 35. c6 Qc7 36. Qe2 Na7 0-1

[Event "V Weekend A Dicembrino"]
[Site "Vimercate ITA"]
[Date "2011.11.25"]
[Round "1"]
[White "Attuati, Stefano"]
[Black "Grassi, Andrea"]
[WhiteElo "2006"]
[BlackElo "1670"]
[Result "1-0"]
[PlyCount "23"]
[EventDate "2011.11.25"]

1. e4 c5 2. Nf3 Nc6 3. d4 cxd4 4. Nxd4 Nf6 5. Nc3 e5 6. Ndb5 d6 7. Nd5 Nxd5 8.
exd5 Ne7 9. c4 g6 10. Qa4 Qd7 11. Nxd6+ Kd8 12. Nxf7+ 1-0

[Event "V Weekend A Dicembrino"]
[Site "Vimercate ITA"]
[Date "2011.11.25"]
[Round "1"]
[White "Battistini, Ercole"]
[Black "Altieri, Alberto"]
[WhiteElo "1900"]
[BlackElo "1573"]
[Result "0-1"]
[PlyCount "60"]
[EventDate "2011.11.25"]

1. d4 c6 2. c4 d5 3. Nc3 Nf6 4. Nf3 Bf5 5. e3 e6 6. Bd3 Bxd3 7. Qxd3 dxc4 8.
Qxc4 Bd6 9. e4 Be7 10. O-O Nbd7 11. Rd1 Qc7 12. Bg5 Nb6 13. Qe2 h6 14. Bh4 Nh5
15. Bxe7 Qxe7 16. Ne5 Nf6 17. a4 a5 18. Rac1 O-O 19. Nd3 Rad8 20. Nc5 Qc7 21.
e5 Nfd5 22. N3e4 Nc8 23. Qg4 Qe7 24. Rd3 h5 25. Qd1 Nf4 26. Rg3 Rxd4 27. Qf3
Rfd8 28. Nf6+ Kh8 29. Nxh5 Qxc5 30. Rf1 Qxe5 0-1

[Event "V Weekend A Dicembrino"]
[Site "Vimercate ITA"]
[Date "2011.11.25"]
[Round "1"]
[White "Biava, Pierluigi"]
[Black "Ranfagni, Stefano"]
[WhiteElo "1668"]
[BlackElo "1998"]
[Result "0-1"]
[PlyCount "86"]
[EventDate "2011.11.25"]

1. d4 e6 2. c4 f5 3. g3 Nf6 4. Nc3 c6 5. Bg2 d5 6. Qd3 Bd6 7. Bf4 O-O 8. Nh3
Ne4 9. c5 Be7 10. Nxe4 fxe4 11. Qd2 b6 12. Bg5 bxc5 13. dxc5 Bxg5 14. Nxg5 Qe7
15. Rc1 Nd7 16. b4 Ne5 17. O-O Ba6 18. f4 Nc4 19. Qd4 e5 20. Qf2 e3 21. Qf3 h6
22. Nh3 e4 23. Qg4 Nd2 24. Rfd1 Bc8 25. Qh4 Qxh4 26. gxh4 Bxh3 27. Bxh3 Rxf4
28. Be6+ Kh8 29. Rc3 d4 30. Ra3 Rf6 31. Bh3 Rg6+ 32. Kh1 Nc4 33. Ra6 d3 34. b5
dxe2 35. Re1 Rd8 36. Rxc6 Rxc6 37. bxc6 Rd1 38. c7 Rxe1+ 39. Kg2 Rg1+ 40. Kxg1
e1=Q+ 41. Kg2 Qf2+ 42. Kh1 Qf3+ 43. Bg2 Qd1+ 0-1

[Event "V Weekend A Dicembrino"]
[Site "Vimercate ITA"]
[Date "2011.11.25"]
[Round "1"]
[White "Bonassi, Tommaso"]
[Black "Gianini, Gianluca"]
[WhiteElo "1843"]
[BlackElo "1484"]
[Result "1-0"]
[PlyCount "81"]
[EventDate "2011.11.25"]

1. e4 c5 2. Nf3 d6 3. d4 b6 4. Nc3 a6 5. Be2 Nf6 6. dxc5 bxc5 7. e5 Nfd7 8.
exd6 exd6 9. Ne4 Nf6 10. Bg5 Be7 11. Bxf6 gxf6 12. Bc4 Bf5 13. Bxf7+ Kf8 14.
Qd5 Bxe4 15. Qxe4 Nd7 16. Bd5 Rb8 17. Qe6 Qe8 18. O-O Rxb2 19. Bc6 Rxc2 20.
Bxd7 Qf7 21. Nh4 Qxe6 22. Bxe6 Re2 23. Rfe1 Rxe1+ 24. Rxe1 h6 25. Ng6+ Kg7 26.
Nxh8 Kxh8 27. f4 Kg7 28. f5 a5 29. Re3 Bd8 30. Rg3+ Kh7 31. Kf2 Bc7 32. Bd5 Bb6
33. Kf3 a4 34. Kg4 Ba5 35. Kh5 Bd2 36. Rg4 Bc3 37. Bg8+ Kh8 38. Kxh6 Bd2+ 39.
Kh5 Bg5 40. Be6 a3 41. Kg6 1-0

[Event "V Weekend A Dicembrino"]
[Site "Vimercate ITA"]
[Date "2011.11.25"]
[Round "1"]
[White "Bosi, Gianfranco"]
[Black "Coppola, Federico"]
[WhiteElo "1499"]
[BlackElo "1858"]
[Result "0-1"]
[PlyCount "88"]
[EventDate "2011.11.25"]

1. e4 c5 2. Nf3 d6 3. d4 cxd4 4. Qxd4 Nc6 5. Bb5 Bd7 6. Bxc6 Bxc6 7. Nc3 Nf6 8.
Bg5 h6 9. Bh4 g5 10. Bg3 Bg7 11. O-O-O Nh5 12. Qd3 Qa5 13. Nd4 Rc8 14. Rhe1 a6
15. Nb3 Qc7 16. Nd5 Bxd5 17. exd5 a5 18. c3 Nxg3 19. hxg3 a4 20. Nd4 a3 21. Nb5
axb2+ 22. Kxb2 Qb6 23. Ka1 O-O 24. Rb1 Qxf2 25. Rxe7 Ra8 26. Rb2 Qc5 27. Rxb7
Rfe8 28. Rd7 Re1+ 29. Rb1 Qxb5 30. Qxb5 Bxc3+ 31. Qb2 Bxb2+ 32. Kxb2 Rb8+ 33.
Kc3 Rexb1 34. Rxd6 R1b6 35. Rd7 Kf8 36. Ra7 Rd8 37. Kc4 Rb1 38. Ra5 Rc1+ 39.
Kd4 Rd1+ 40. Ke5 f6+ 41. Kxf6 R1xd5 42. Ra6 R8d6+ 43. Rxd6 Rxd6+ 44. Kf5 Kf7
0-1

[Event "V Weekend A Dicembrino"]
[Site "Vimercate ITA"]
[Date "2011.11.25"]
[Round "1"]
[White "Brambilla, Luca Massimo"]
[Black "Petrone, Gianmario"]
[WhiteElo "1621"]
[BlackElo "1937"]
[Result "0-1"]
[PlyCount "56"]
[EventDate "2011.11.25"]

1. d4 Nf6 2. c4 g6 3. Nc3 Bg7 4. e4 d6 5. Nf3 O-O 6. Be2 e5 7. O-O Nc6 8. d5
Ne7 9. b4 Nh5 10. Nd2 Nf4 11. c5 Nxe2+ 12. Qxe2 f5 13. f3 f4 14. Nc4 g5 15. a4
Rf6 16. Ba3 Rg6 17. cxd6 cxd6 18. b5 g4 19. Kh1 g3 20. Nxd6 Rxd6 21. Bxd6 Qxd6
22. h3 Bd7 23. Rfc1 Rf8 24. a5 Rf6 25. Na4 Rh6 26. b6 Bxh3 27. bxa7 Bd7+ 28.
Kg1 Rh1+ 0-1

[Event "V Weekend A Dicembrino"]
[Site "Vimercate ITA"]
[Date "2011.11.25"]
[Round "1"]
[White "Brociner, Beniamino"]
[Black "Lipari, Alberto"]
[WhiteElo "1941"]
[BlackElo "1652"]
[Result "1-0"]
[PlyCount "69"]
[EventDate "2011.11.25"]

1. e4 g6 2. d4 Bg7 3. c3 Nf6 4. Bd3 d6 5. f4 c5 6. Nf3 Bg4 7. e5 dxe5 8. dxe5
Nd5 9. Bc4 e6 10. O-O Nc6 11. h3 Bf5 12. Qe2 Qe7 13. Na3 h5 14. Nb5 O-O 15. Nd6
Bh6 16. g3 Bxh3 17. Rd1 Nb6 18. Bd3 Rad8 19. f5 Bxc1 20. f6 Qc7 21. Raxc1 Bg4
22. Qe3 Kh7 23. Ng5+ Kh8 24. Nh3 Kh7 25. Ng5+ Kh8 26. Be2 Bxe2 27. Qxe2 Nxe5
28. Qxe5 Nc4 29. Ndxf7+ Rxf7 30. Nxf7+ Qxf7 31. Rxd8+ Kh7 32. Qb8 Qxf6 33. Rf1
Qg7 34. Rh8+ Qxh8 35. Rf7+ 1-0

[Event "V Weekend A Dicembrino"]
[Site "Vimercate ITA"]
[Date "2011.11.25"]
[Round "1"]
[White "Ceka, Shpetim"]
[Black "Fusari, Paolo"]
[WhiteElo "1857"]
[BlackElo "1897"]
[Result "0-1"]
[PlyCount "85"]
[EventDate "2011.11.25"]

1. e4 e5 2. Nf3 Nc6 3. Bc4 Nf6 4. Ng5 d5 5. exd5 Nd4 6. c3 b5 7. O-O bxc4 8.
cxd4 Nxd5 9. Qa4+ Bd7 10. Qxc4 c6 11. f4 Be7 12. dxe5 Rb8 13. a3 O-O 14. d4 h6
15. Ne4 Bf5 16. Nbc3 Nb6 17. Qd3 Qd7 18. Be3 Nd5 19. Rf2 Rfd8 20. Rd1 Rb3 21.
h3 Nxc3 22. bxc3 Qd5 23. Nf6+ Bxf6 24. Qxf5 Rxc3 25. Rf3 Be7 26. Qg4 Qe4 27.
Rg3 g6 28. f5 Rxe3 29. fxg6 Qxg4 30. Rxg4 f5 31. Rf4 Bc5 32. Rc1 Bxd4 33. Rxd4
Rxd4 34. Rxc6 Rxe5 35. Ra6 Rd7 36. h4 Kg7 37. Kf2 f4 38. Kf3 Rf5 39. h5 Rxh5
40. Kxf4 Rg5 41. Re6 Rxg2 42. a4 Rxg6 43. a5 0-1

[Event "V Weekend A Dicembrino"]
[Site "Vimercate ITA"]
[Date "2011.11.25"]
[Round "1"]
[White "Ciochetta, Giovanni"]
[Black "Motola, Jacopo"]
[WhiteElo "1584"]
[BlackElo "1903"]
[Result "0-1"]
[PlyCount "68"]
[EventDate "2011.11.25"]

1. e4 e5 2. Nf3 Nc6 3. Bc4 Bc5 4. O-O d6 5. h3 Nf6 6. d3 h6 7. Be3 Bb6 8. Nc3
O-O 9. a3 Be6 10. Nd5 Bxd5 11. Bxd5 Nxd5 12. exd5 Ne7 13. c4 Nf5 14. Bxb6 axb6
15. g4 Nh4 16. Nxh4 Qxh4 17. Qf3 f5 18. Qg3 Qxg3+ 19. fxg3 f4 20. gxf4 exf4 21.
Rae1 Rf7 22. Kf2 b5 23. Re4 bxc4 24. dxc4 c5 25. Rfe1 Ra6 26. Kf3 g5 27. Re8+
Kg7 28. R8e7 Rb6 29. Rxf7+ Kxf7 30. Re6 Rb3+ 31. Ke4 f3 32. Kf5 f2 33. Rf6+ Kg7
34. Ke6 Re3+ 0-1

[Event "V Weekend A Dicembrino"]
[Site "Vimercate ITA"]
[Date "2011.11.25"]
[Round "1"]
[White "Corso, Gabriele"]
[Black "Miracola, Massimiliano"]
[WhiteElo "1694"]
[BlackElo "2007"]
[Result "0-1"]
[PlyCount "104"]
[EventDate "2011.11.25"]

1. e4 c5 2. Nf3 d6 3. Bb5+ Nd7 4. d4 Ngf6 5. Nc3 cxd4 6. Qxd4 e5 7. Qd3 h6 8.
O-O Be7 9. Ne2 O-O 10. Ng3 a6 11. Bc4 b5 12. Bb3 Nc5 13. Qe2 Re8 14. Rd1 Qc7
15. c4 Be6 16. Nd2 b4 17. Bc2 a5 18. b3 a4 19. Bb2 a3 20. Bc1 Bg4 21. Nf3 Ne6
22. Be3 Nd7 23. h3 Bxf3 24. Qxf3 Nb8 25. Nf5 Nc6 26. Qg4 Kh7 27. Rd3 Rg8 28.
Rad1 Rad8 29. Qh5 Bf8 30. Qh4 Rh8 31. Qg4 g6 32. Ng3 Ned4 33. R3d2 h5 34. Qh4
Be7 35. Bg5 Bxg5 36. Qxg5 Qe7 37. Qe3 Kg7 38. Bd3 Rdg8 39. Be2 Kf8 40. f4 h4
41. Nh1 g5 42. fxe5 dxe5 43. Nf2 Kg7 44. Ng4 Rd8 45. Rf1 Rd6 46. Rfd1 Rhd8 47.
Kf1 f5 48. exf5 Nxf5 49. Qf3 Rxd2 50. Rxd2 Rxd2 51. Qxf5 Qf7 52. Qxf7+ Kxf7 0-1

[Event "V Weekend A Dicembrino"]
[Site "Vimercate ITA"]
[Date "2011.11.25"]
[Round "1"]
[White "Damia, Angelo"]
[Black "Mandaglio, Luca"]
[WhiteElo "2300"]
[BlackElo "1769"]
[Result "1-0"]
[PlyCount "55"]
[EventDate "2011.11.25"]

1. e4 c6 2. d4 d5 3. f3 dxe4 4. fxe4 e5 5. Nf3 Bg4 6. Bc4 Bxf3 7. Qxf3 Nf6 8.
dxe5 Qa5+ 9. Nc3 Qxe5 10. Bf4 Qh5 11. Qg3 Nbd7 12. e5 Ng8 13. O-O O-O-O 14. Kh1
Qg6 15. Qf3 Nb6 16. Bd3 Qe6 17. Bg5 Ne7 18. Bf5 Qxf5 19. Qxf5+ Nxf5 20. Bxd8
Ne3 21. Rf3 Kxd8 22. Rxe3 Bc5 23. Rd3+ Kc7 24. Rf1 Rf8 25. Rdf3 f6 26. exf6 g6
27. Ne4 Bd6 28. Ng5 1-0

[Event "V Weekend A Dicembrino"]
[Site "Vimercate ITA"]
[Date "2011.11.25"]
[Round "1"]
[White "Fornari, Sergio"]
[Black "Corno, Sergio"]
[WhiteElo "1661"]
[BlackElo "1965"]
[Result "0-1"]
[PlyCount "74"]
[EventDate "2011.11.25"]

1. d4 f5 2. c4 Nf6 3. Nc3 e6 4. e3 d5 5. c5 c6 6. b4 Be7 7. Nf3 O-O 8. Bd3 Ne4
9. Bb2 Bd7 10. Ne2 g5 11. Ne5 Be8 12. f3 Nf6 13. Ng3 Nbd7 14. Nxd7 Qxd7 15. O-O
Bg6 16. Qc2 Kg7 17. e4 dxe4 18. fxe4 f4 19. Nh1 Rad8 20. Nf2 b6 21. Rad1 bxc5
22. dxc5 Qc7 23. h3 e5 24. Ng4 Nxg4 25. hxg4 Bf6 26. Rf3 h5 27. Be2 hxg4 28.
Rff1 g3 29. Rxd8 Rxd8 30. Rd1 a5 31. Rxd8 Qxd8 32. a3 axb4 33. axb4 Qh8 34. Bf3
Qh2+ 35. Kf1 Qh1+ 36. Ke2 g4 37. Bxg4 Qxg2+ 0-1

[Event "V Weekend A Dicembrino"]
[Site "Vimercate ITA"]
[Date "2011.11.25"]
[Round "1"]
[White "Gonella, Daniele"]
[Black "Carbone, Lorenzo"]
[WhiteElo "2103"]
[BlackElo "1736"]
[Result "1-0"]
[PlyCount "77"]
[EventDate "2011.11.25"]

1. e4 c5 2. Nc3 e6 3. g3 Nc6 4. Bg2 Nf6 5. f4 d5 6. d3 a6 7. e5 Nd7 8. Nf3 b5
9. Ng5 h6 10. Nxe6 fxe6 11. Qh5+ Ke7 12. Bxd5 Ndb8 13. Be3 Qb6 14. f5 Nb4 15.
Bxa8 Nxc2+ 16. Kd2 Nxe3 17. f6+ Kd7 18. Qf7+ Kd8 19. Kxe3 Qc7 20. Qxc7+ Kxc7
21. Rhf1 g6 22. Be4 g5 23. b4 Nd7 24. bxc5 Nxe5 25. d4 Ng4+ 26. Kd2 h5 27. h3
Nh6 28. Bg6 Bb7 29. Ne4 Bd5 30. Ke3 g4 31. h4 Rg8 32. Bxh5 Nf5+ 33. Rxf5 exf5
34. Ng5 Bh6 35. Kf4 Be4 36. Bxg4 fxg4 37. Kxe4 Bxg5 38. hxg5 Rxg5 39. f7 1-0

[Event "V Weekend A Dicembrino"]
[Site "Vimercate ITA"]
[Date "2011.11.25"]
[Round "1"]
[White "Guzzetti, Luigi Enrico"]
[Black "Galli, Giuliano"]
[WhiteElo "1928"]
[BlackElo "1616"]
[Result "1-0"]
[PlyCount "100"]
[EventDate "2011.11.25"]

1. e4 c5 2. Nf3 d6 3. d4 cxd4 4. Nxd4 Nf6 5. Nc3 g6 6. Be2 Bg7 7. Be3 O-O 8.
O-O a6 9. Qd2 Nc6 10. Rfd1 Qc7 11. f3 Bd7 12. Nxc6 Bxc6 13. Nd5 Bxd5 14. exd5
Nd7 15. c4 Nc5 16. Bd4 Bxd4+ 17. Qxd4 Qb6 18. Rab1 Nd7 19. Qxb6 Nxb6 20. b3 Nd7
21. b4 b6 22. Re1 Rfe8 23. f4 Kf8 24. Bg4 f5 25. Bf3 a5 26. Re2 Rab8 27. g4
axb4 28. Rxb4 Nc5 29. Re3 e6 30. gxf5 exf5 31. Kf2 Rxe3 32. Kxe3 Nd7 33. Ra4
Rb7 34. Ra8+ Kg7 35. Bd1 Kh6 36. Ba4 Nc5 37. Bc6 Re7+ 38. Kf3 Re4 39. Bb5 Nd3
40. Rd8 Nxf4 41. Rxd6 Nd3 42. Re6 Ne5+ 43. Kg2 Rg4+ 44. Kf2 Nxc4 45. d6 Rf4+
46. Ke2 Rd4 47. d7 Nd6 48. d8=Q Nxb5 49. Qxb6 Nc3+ 50. Kf3 Rg4 1-0

[Event "V Weekend A Dicembrino"]
[Site "Vimercate ITA"]
[Date "2011.11.25"]
[Round "1"]
[White "Lancianese, Giuseppe"]
[Black "Gojani, Mentor"]
[WhiteElo "1717"]
[BlackElo "2041"]
[Result "0-1"]
[PlyCount "55"]
[EventDate "2011.11.25"]

1. d4 Nf6 2. Nf3 d5 3. e3 Bg4 4. Be2 e6 5. O-O Bd6 6. b3 Nbd7 7. Bb2 c6 8. c4
O-O 9. Nbd2 Qc7 10. c5 Be7 11. b4 Rab8 12. Ne1 Bxe2 13. Qxe2 b6 14. Nd3 bxc5
15. dxc5 e5 16. Bc3 Rfd8 17. Rab1 Ne8 18. f4 Bf6 19. fxe5 Nxe5 20. Nxe5 Bxe5
21. Bxe5 Qxe5 22. Nf3 Qc7 23. Nd4 Nf6 24. a4 Re8 25. Nf5 Re4 26. Qf3 Qe5 27.
Nh6+ Kf8 28. Ng4 0-1

[Event "V Weekend A Dicembrino"]
[Site "Vimercate ITA"]
[Date "2011.11.25"]
[Round "1"]
[White "Lapiccirella, Daniele"]
[Black "Gemelli, Giovanni"]
[WhiteElo "2234"]
[BlackElo "1759"]
[Result "1-0"]
[PlyCount "69"]
[EventDate "2011.11.25"]

1. d4 Nf6 2. c4 g6 3. Nc3 Bg7 4. e4 d6 5. f3 O-O 6. Be3 e5 7. d5 a5 8. Bd3 Na6
9. Nge2 Nd7 10. O-O Ndc5 11. Bc2 Bd7 12. a3 b6 13. Rb1 Qe8 14. b4 Nb7 15. Nc1
f5 16. Nd3 f4 17. Bf2 g5 18. Ba4 h5 19. Bc6 Bxc6 20. dxc6 Nd8 21. c5 axb4 22.
axb4 bxc5 23. Ra1 Ne6 24. b5 Nb4 25. Nxb4 cxb4 26. Nd5 Rb8 27. Qb3 Kh8 28. Qxb4
g4 29. Ra2 gxf3 30. gxf3 Qd8 31. Kh1 Bf6 32. b6 Rg8 33. Qe1 Ra8 34. Rxa8 Qxa8
35. Nxf6 1-0

[Event "V Weekend A Dicembrino"]
[Site "Vimercate ITA"]
[Date "2011.11.25"]
[Round "1"]
[White "Maccarini, Luca Nicola"]
[Black "Marchesotti, Giovanni"]
[WhiteElo "1915"]
[BlackElo "1597"]
[Result "1-0"]
[PlyCount "65"]
[EventDate "2011.11.25"]

1. d4 Nf6 2. Nf3 b6 3. c4 e6 4. a3 Bb7 5. Nc3 Be7 6. e3 O-O 7. Bd3 d6 8. O-O
Nbd7 9. Qe2 c5 10. Rd1 cxd4 11. exd4 d5 12. Bf4 dxc4 13. Bxc4 Nd5 14. Nxd5 exd5
15. Bd3 Re8 16. Qc2 Rc8 17. Bxh7+ Kh8 18. Qf5 Nf8 19. Ne5 g6 20. Nxf7+ Kg7 21.
Bh6+ Kxh7 22. Qh3 Qd7 23. g4 Kg8 24. Ne5 Qd6 25. Rd3 Bf6 26. Bxf8 Qxf8 27. f4
Bxe5 28. fxe5 Qg7 29. g5 Rc2 30. Rf3 Bc8 31. Qf1 Bf5 32. Qb5 Be4 33. Qxe8+ 1-0

[Event "V Weekend A Dicembrino"]
[Site "Vimercate ITA"]
[Date "2011.11.25"]
[Round "1"]
[White "Marzo, Matteo"]
[Black "Villa, Giorgio"]
[WhiteElo "1603"]
[BlackElo "1924"]
[Result "0-1"]
[PlyCount "102"]
[EventDate "2011.11.25"]

1. e4 d5 2. exd5 Qxd5 3. Nc3 Qd6 4. Nf3 Nf6 5. d4 c6 6. Be3 Bg4 7. h3 Bxf3 8.
Qxf3 e6 9. Bc4 Nbd7 10. Rd1 Qb4 11. Bb3 Nd5 12. Bxd5 cxd5 13. Bc1 Rc8 14. O-O
Qa5 15. Bd2 Bb4 16. a3 Bxc3 17. Bxc3 Qa4 18. Rd2 O-O 19. Re1 Nf6 20. Ree2 Ne4
21. Rd3 Nxc3 22. Rxc3 Qxd4 23. Qd3 Qxd3 24. Rxd3 Rc6 25. c3 Rfc8 26. f4 b5 27.
Rd4 Rc4 28. Red2 Rxd4 29. Rxd4 Rc4 30. Kf2 Rxd4 31. cxd4 Kf8 32. Ke3 Ke7 33.
Kd3 Kd6 34. b4 f6 35. g4 e5 36. f5 g6 37. h4 gxf5 38. gxf5 Ke7 39. h5 h6 40.
Ke3 exd4+ 41. Kd3 Kd6 42. Kxd4 a6 43. Kd3 Ke5 44. Ke3 Kxf5 45. Kd4 Kg4 46. Kxd5
f5 47. Ke5 f4 48. Ke4 f3 49. Ke3 Kg3 50. Ke4 f2 51. Kf5 f1=Q+ 0-1

[Event "V Weekend A Dicembrino"]
[Site "Vimercate ITA"]
[Date "2011.11.25"]
[Round "1"]
[White "Miracola, Giorgia"]
[Black "Pace, Pietro Dario"]
[WhiteElo "1763"]
[BlackElo "2280"]
[Result "0-1"]
[PlyCount "60"]
[EventDate "2011.11.25"]

1. e4 c5 2. Nf3 Nc6 3. d4 cxd4 4. Nxd4 Qb6 5. Nb3 Nf6 6. Nc3 e6 7. Be3 Qc7 8.
Bd3 Be7 9. f4 d6 10. O-O a6 11. a4 b6 12. Qf3 Bb7 13. Qg3 O-O 14. Nd2 Nd7 15.
Nc4 Nb4 16. f5 Kh8 17. Kh1 Nxc2 18. Bxc2 Qxc4 19. Bf4 Qc5 20. fxe6 fxe6 21. Qh3
Ne5 22. Qxe6 Bf6 23. Rac1 Rae8 24. Qh3 Bc8 25. Qg3 Qb4 26. Rb1 Qc4 27. b3 Qc7
28. Rbc1 Qd8 29. h3 Ng6 30. Be3 Bxc3 0-1

[Event "V Weekend A Dicembrino"]
[Site "Vimercate ITA"]
[Date "2011.11.25"]
[Round "1"]
[White "Mondal, Prince"]
[Black "Danin, Alexandre"]
[WhiteElo "1786"]
[BlackElo "2537"]
[Result "0-1"]
[PlyCount "36"]
[EventDate "2011.11.25"]

1. e4 e6 2. d4 d5 3. exd5 exd5 4. Bd3 Bd6 5. c3 h6 6. h3 Nc6 7. Nf3 Qf6 8. Be3
Nge7 9. O-O O-O 10. Re1 Nf5 11. Nbd2 Re8 12. Nf1 Bd7 13. Be2 Nce7 14. Qd2 Ng6
15. N3h2 Nxe3 16. fxe3 Nh4 17. Ng4 Qg5 18. Bd1 h5 0-1

[Event "V Weekend A Dicembrino"]
[Site "Vimercate ITA"]
[Date "2011.11.25"]
[Round "1"]
[White "Moroni, Luca jr"]
[Black "Ferrari, Paolo"]
[WhiteElo "2030"]
[BlackElo "1711"]
[Result "1-0"]
[PlyCount "101"]
[EventDate "2011.11.25"]

1. e4 c5 2. Nf3 d6 3. d4 cxd4 4. Nxd4 Nf6 5. Nc3 g6 6. Bc4 Bg7 7. f3 O-O 8. Be3
Nc6 9. Qd2 Bd7 10. O-O-O Qa5 11. h4 h5 12. Bb3 Ne5 13. Kb1 Rfc8 14. Nd5 Qxd2
15. Bxd2 Nxd5 16. Bxd5 Rab8 17. Bg5 e6 18. Bb3 Nc4 19. Bxc4 Rxc4 20. Nb3 Rbc8
21. c3 Bf8 22. e5 d5 23. Nd4 b5 24. g4 b4 25. cxb4 Rxb4 26. gxh5 gxh5 27. Rhg1
Kh7 28. Bf6 a5 29. Rg5 Kh6 30. Nc2 Ba4 31. b3 Bxb3 32. axb3 Rxb3+ 33. Ka2 Rxf3
34. Rd2 Rfc3 35. Rgg2 a4 36. Rdf2 R8c7 37. Bd8 Rb7 38. Rg8 Bg7 39. Bf6 Bxf6 40.
exf6 a3 41. Rfg2 Rxc2+ 42. Rxc2 Kh7 43. Rcg2 Rb2+ 44. Kxa3 Rxg2 45. Rxg2 e5 46.
Kb3 Kh6 47. Kb4 e4 48. Kc5 e3 49. Kxd5 e2 50. Rxe2 Kg6 51. Rf2 1-0

[Event "V Weekend A Dicembrino"]
[Site "Vimercate ITA"]
[Date "2011.11.25"]
[Round "1"]
[White "Oteri, Aldo"]
[Black "Stella, Andrea"]
[WhiteElo "1781"]
[BlackElo "2448"]
[Result "0-1"]
[PlyCount "61"]
[EventDate "2011.11.25"]

1. e4 g6 2. d4 Bg7 3. c4 c5 4. Nf3 cxd4 5. Nxd4 Qb6 6. Nb5 a6 7. Be3 Qa5+ 8.
Bd2 Qd8 9. N5c3 Nc6 10. Na3 Nf6 11. Nc2 O-O 12. g3 d6 13. Bg2 Bg4 14. f3 Be6
15. Nd5 Ne5 16. Qe2 b5 17. Nxf6+ Bxf6 18. Bc3 Bxc4 19. Qe3 Nd3+ 20. Kd2 Nxb2
21. Bxf6 exf6 22. Qd4 Qa5+ 23. Ke3 Na4 24. Qxf6 d5 25. Rhc1 dxe4 26. fxe4 Rad8
27. Nd4 Rxd4 28. Qxd4 Rd8 29. Qa7 Qd2+ 30. Kf3 Rd3+ 31. Kg4 0-1

[Event "V Weekend A Dicembrino"]
[Site "Vimercate ITA"]
[Date "2011.11.25"]
[Round "1"]
[White "Panades, Ignazio"]
[Black "Lapiccirella, Mattia"]
[WhiteElo "1737"]
[BlackElo "2209"]
[Result "0-1"]
[PlyCount "74"]
[EventDate "2011.11.25"]

1. e4 c5 2. Nf3 Nc6 3. Nc3 d6 4. Be2 Nf6 5. O-O e6 6. d4 cxd4 7. Nxd4 Be7 8.
Be3 O-O 9. Qd2 a6 10. a3 Qc7 11. Rad1 Ne5 12. f3 b5 13. Na2 Bb7 14. Bf2 Rac8
15. c3 Rfd8 16. Nb4 Nc4 17. Bxc4 Qxc4 18. Qe3 Nd7 19. Nbc2 g6 20. Rd2 Qc7 21.
Bg3 Nb6 22. Rd3 Nc4 23. Qc1 h5 24. Ne2 h4 25. Bf4 Qc5+ 26. Kh1 h3 27. gxh3 Qh5
28. Kg2 e5 29. Bd2 d5 30. Ng3 Qh4 31. Ne3 dxe4 32. Rxd8+ Rxd8 33. Nxc4 exf3+
34. Kg1 bxc4 35. Be3 Qxh3 36. Rf2 Rd3 37. Qe1 Qd7 0-1

[Event "V Weekend A Dicembrino"]
[Site "Vimercate ITA"]
[Date "2011.11.25"]
[Round "1"]
[White "Pecorario, Stefano"]
[Black "Colombo, Luca"]
[WhiteElo "1533"]
[BlackElo "1884"]
[Result "1/2-1/2"]
[PlyCount "119"]
[EventDate "2011.11.25"]

1. e4 c5 2. g3 Nc6 3. Bg2 g6 4. d3 Bg7 5. c3 d6 6. Be3 Nf6 7. Ne2 Ng4 8. Bg5 h6
9. Bc1 e5 10. h3 Nf6 11. Na3 O-O 12. O-O Nh7 13. f4 exf4 14. Nxf4 Ng5 15. Be3
Ne6 16. Qd2 Kh7 17. Rf3 Nxf4 18. Bxf4 Ne5 19. Rf2 Be6 20. d4 cxd4 21. cxd4 Nc4
22. Nxc4 Bxc4 23. Rc1 Ba6 24. e5 g5 25. Be3 dxe5 26. d5 Qd7 27. d6 Rac8 28.
Rxc8 Rxc8 29. Qd5 Kg8 30. Bxa7 Rc1+ 31. Kh2 Bc4 32. Qd2 Ra1 33. a3 b5 34. Bb8
Be6 35. Bd5 e4 36. Bxe6 fxe6 37. Qe3 Qb7 38. Bc7 Qc6 39. Re2 Kf7 40. Qf2+ Kg8
41. Rc2 e3 42. Qg2 Qxg2+ 43. Kxg2 Rd1 44. Kf3 Be5 45. d7 Bf6 46. d8=Q+ Bxd8 47.
Bxd8 Rxd8 48. Kxe3 Kf7 49. Rc7+ Kf6 50. Rb7 Rd5 51. b4 Re5+ 52. Kf3 Rd5 53. Ke3
h5 54. Rc7 g4 55. hxg4 hxg4 56. Rc5 Ke5 57. Rc8 Kf5 58. Rf8+ Kg5 59. Rg8+ Kf5
60. Rf8+ 1/2-1/2

[Event "V Weekend A Dicembrino"]
[Site "Vimercate ITA"]
[Date "2011.11.25"]
[Round "1"]
[White "Riboldi, Raffaele"]
[Black "Ruggeri, Igor"]
[WhiteElo "1887"]
[BlackElo "1534"]
[Result "1-0"]
[PlyCount "81"]
[EventDate "2011.11.25"]

1. d4 d5 2. c4 e6 3. Nc3 Nf6 4. cxd5 exd5 5. Bg5 Be7 6. e3 O-O 7. Bd3 c5 8.
Nge2 Be6 9. O-O Nbd7 10. Rc1 a6 11. a4 c4 12. Bb1 b5 13. axb5 axb5 14. Nxb5 Qb6
15. Nbc3 Rfb8 16. Bc2 Qxb2 17. Bf4 Rc8 18. Rb1 Qa3 19. Nb5 Qa5 20. Nec3 Bb4 21.
Qd2 Bxc3 22. Nxc3 Qd8 23. Rb7 Nh5 24. Bd6 Nf8 25. Be7 Qa5 26. Rfb1 Rc7 27. Bb4
Rxb7 28. Bxa5 Rba7 29. Bb6 Ra1 30. Qd1 Rxb1 31. Bxb1 g6 32. g4 Nf6 33. f3 N8d7
34. Bc7 Ra3 35. Qc1 Ra7 36. Bf4 Nb6 37. Qb2 Nfd7 38. e4 dxe4 39. Bxe4 Na4 40.
Nxa4 Rxa4 41. d5 1-0

[Event "V Weekend A Dicembrino"]
[Site "Vimercate ITA"]
[Date "2011.11.25"]
[Round "1"]
[White "Sala, Giovanni"]
[Black "Orsucci, Marzio"]
[WhiteElo "1985"]
[BlackElo "1666"]
[Result "1-0"]
[PlyCount "39"]
[EventDate "2011.11.25"]

1. c4 e6 2. g3 Nf6 3. Nf3 d5 4. Bg2 Be7 5. O-O O-O 6. b3 c6 7. Bb2 Nbd7 8. d4
Rb8 9. Nbd2 b5 10. cxd5 exd5 11. Rc1 Bb7 12. Rc2 c5 13. dxc5 Nxc5 14. Nd4 Qb6
15. Nf5 Bd8 16. Bd4 Rc8 17. b4 Qe6 18. Bh3 Nfe4 19. Bxg7 Nxd2 20. Nh6+ 1-0

[Event "V Weekend A Dicembrino"]
[Site "Vimercate ITA"]
[Date "2011.11.25"]
[Round "1"]
[White "Salvador, Roland"]
[Black "Falchi, Claudio"]
[WhiteElo "2500"]
[BlackElo "1784"]
[Result "1-0"]
[PlyCount "81"]
[EventDate "2011.11.25"]

1. d4 e6 2. c4 f5 3. Nf3 Nf6 4. g3 d5 5. Bg2 c6 6. O-O Bd6 7. b3 Qe7 8. Nbd2
O-O 9. Ne5 Nbd7 10. Ndf3 Ne4 11. Qc2 Ndf6 12. a3 a5 13. Bf4 Nh5 14. Bc1 Nhf6
15. Ne1 Nd7 16. N1d3 Qd8 17. Bf4 Nxe5 18. dxe5 Be7 19. f3 Nc5 20. Rfd1 Nxd3 21.
Rxd3 g5 22. Bc1 Bd7 23. f4 g4 24. Bb2 h5 25. Rad1 Qe8 26. e4 Bc5+ 27. Kh1 h4
28. cxd5 h3 29. dxe6 hxg2+ 30. Kxg2 Bxe6 31. Qxc5 Qf7 32. Rd6 fxe4 33. Qe3 Bd5
34. R1xd5 cxd5 35. Qd4 Rac8 36. e6 Rc2+ 37. Kf1 Qh7 38. Rd7 Rxf4+ 39. Ke1 Qh6
40. gxf4 Qh4+ 41. Kd1 1-0